No somos irrompibles

Uloženo v:
Podrobná bibliografie
Hlavní autor: Bornemann, Elsa (Autor)
Médium: Kniha
Jazyk:španělština
Vydáno: Santiago Aguilar Chilena de Ediciones 2012
Vydání:16a. ed
Edice:Alfaguara Infantil. Desde 10 Años
Témata:
Tagy: Přidat tag
Žádné tagy, Buďte první, kdo vytvoří štítek k tomuto záznamu!

MARC

LEADER 00000cam a2200000 a 4500
001 UCF9517
003 CL-VaPUC
008 131129e20120000cl |||||||||||||||||spa|d
020 |a 9562391957 
082 0 4 |a Ar863  |b BOR  |2 21 
100 |a Bornemann, Elsa  |e author  |9 545133 
245 1 0 |a No somos irrompibles 
250 |a 16a. ed 
300 |a 143 p 
942 |c BK 
945 |d 20131129 12:34:00  |a cmena 
260 |a Santiago  |b Aguilar Chilena de Ediciones  |c 2012 
650 7 |a CUENTOS ARGENTINOS  |2 CL-VaPUC  |9 571885 
650 0 |a Literatura argentina  |9 320596 
650 0 |a Literatura infantil   |9 307465 
583 |a last modification  |c 20131129 12:34:00  |k Rodrigo Vera 
490 0 |a Alfaguara Infantil. Desde 10 Años 
999 |c 353960  |d 353958